000 00533nam a2200193Ia 4500
001 8574
003 GE_BSU
008 181216s||||||||xx |||||||||||||| ||und||
040 _cGE_BSU
245 _aНовая и новейшая история. №6 2013.
245 _bНоябрь-декабрь
245 _cред. Г. Г. Акимова и др.
260 _aМосква
260 _bНаука
260 _c2013
300 _a224стр.24см.
653 _aНовая и новейшая история
942 _cCR
999 _c41890
_d41890